Detalles MARC
| 000 -CABECERA |
| campo de control de longitud fija |
01330nam a2200325 a 4500 |
| 001 - NÚMERO DE CONTROL |
| campo de control |
000021192 |
| 005 - FECHA Y HORA DE LA ÚLTIMA TRANSACCIÓN |
| campo de control |
20200930011247.0 |
| 008 - DATOS DE LONGITUD FIJA--INFORMACIÓN GENERAL |
| campo de control de longitud fija |
100901s1963 sp 001 e spa d |
| 040 ## - FUENTE DE LA CATALOGACIÓN |
| Centro catalogador/agencia de origen |
DO-SdBNP |
| Lengua de catalogación |
spa |
| Centro/agencia transcriptor |
BNPHU |
| 082 ## - NÚMERO DE LA CLASIFICACIÓN DECIMAL DEWEY |
| Número de clasificación |
923.1 |
| Número de documento/Ítem |
M542i, 1963 |
| 049 ## - FONDOS LOCALES (OCLC) |
| Fondos de biblioteca |
BNGR |
| 100 1# - ENTRADA PRINCIPAL--NOMBRE DE PERSONA |
| Nombre de persona |
Menéndez Pidal, Ramón, |
| Fechas asociadas al nombre |
1869-1968 |
| 9 (RLIN) |
3902 |
| 245 10 - MENCIÓN DE TÍTULO |
| Título |
Idea imperial de Carlos V : |
| Resto del título |
la condesa traidora; El romanz del infant García; Adefonsus Imperator Toletanus / |
| Mención de responsabilidad, etc. |
Ramón Menéndez Pidal. |
| 250 ## - MENCIÓN DE EDICIÓN |
| Mención de edición |
5a ed. |
| 260 ## - PUBLICACIÓN, DISTRIBUCIÓN, ETC. |
| Lugar de publicación, distribución, etc. |
Madrid : |
| Nombre del editor, distribuidor, etc. |
Espasa-Calpe, |
| Fecha de publicación, distribución, etc. |
1963. |
| 300 ## - DESCRIPCIÓN FÍSICA |
| Extensión |
163, [21] ; |
| Dimensiones |
18 cm. |
| 490 1# - MENCIÓN DE SERIE |
| Mención de serie |
Austral ; |
| Designación de volumen o secuencia |
172 |
| 500 ## - NOTA GENERAL |
| Nota general |
Incluye índice de autores. |
| 600 14 - PUNTO DE ACCESO ADICIONAL DE MATERIA--NOMBRE DE PERSONA |
| Nombre de persona |
CARLOS |
| Numeración |
V, |
| Títulos y otros términos asociados al nombre |
SACRO EMPERADOR ROMANO, |
| Fechas asociadas al nombre |
1500-1558 |
| Subdivisión de forma |
ENSAYOS, CONFERENCIAS, ETC. |
| 9 (RLIN) |
44301 |
| 650 #4 - PUNTO DE ACCESO ADICIONAL DE MATERIA--TÉRMINO DE MATERIA |
| Término de materia o nombre geográfico como elemento de entrada |
Poesía épica española |
| Subdivisión general |
Historia y crítica |
| 9 (RLIN) |
15486 |
| 651 #4 - PUNTO DE ACCESO ADICIONAL DE MATERIA--NOMBRE GEOGRÁFICO |
| Nombre geográfico |
España |
| Subdivisión general |
Historia |
| 9 (RLIN) |
8844 |
| 700 12 - PUNTO DE ACCESO ADICIONAL--NOMBRE DE PERSONA |
| Nombre de persona |
Menéndez Pidal, Ramón, |
| Fechas asociadas al nombre |
1869-1968 |
| Título de la obra |
La condesa traidora |
| 9 (RLIN) |
44302 |
| 700 12 - PUNTO DE ACCESO ADICIONAL--NOMBRE DE PERSONA |
| Nombre de persona |
Menéndez Pidal, Ramón, |
| Fechas asociadas al nombre |
1869-1968 |
| Título de la obra |
El romanz del Infant García |
| 9 (RLIN) |
44303 |
| 700 12 - PUNTO DE ACCESO ADICIONAL--NOMBRE DE PERSONA |
| Nombre de persona |
Menéndez Pidal, Ramón, |
| Fechas asociadas al nombre |
1869-1968 |
| Título de la obra |
Adefonsus Imperator Toletanus |
| 9 (RLIN) |
44304 |
| 740 02 - PUNTO DE ACCESO ADICIONAL--TÍTULO RELACIONADO O ANALÍTICO NO CONTROLADO |
| Título relacionado o analítico no controlado |
Menéndez Pidal, Ramón, |
| 740 02 - PUNTO DE ACCESO ADICIONAL--TÍTULO RELACIONADO O ANALÍTICO NO CONTROLADO |
| Título relacionado o analítico no controlado |
El romanz del infant García |
| 740 02 - PUNTO DE ACCESO ADICIONAL--TÍTULO RELACIONADO O ANALÍTICO NO CONTROLADO |
| Título relacionado o analítico no controlado |
Adefonsus Imperator Toletanus |
| 830 #0 - PUNTO DE ACCESO ADICIONAL DE SERIE-TÍTULO UNIFORME |
| Título uniforme |
Austral ; |
| Número de parte o sección de la obra |
172 |
| 9 (RLIN) |
44305 |
| 910 ## - DATOS DE OPCIÓN DEL USUARIO (OCLC) |
| Datos de opción del usuario |
Validado. Control de calidad MFF |